000 00214nam a22000857a 4500
008 161108b xxu||||| |||| 00| 0 eng d
100 _91047
_aFutehally l
245 _aThis Earth of ours
260 _aNew Delhi
_bA B T
_c2006
999 _c3702
_d3702